[Event "43rd URS-ch"]
[Site "Yerevan URS"]
[Date "1975.??.??"]
[Round "6"]
[White "Romanishin, Oleg"]
[Black "Polugaevsky, Lev"]
[Result "1-0"]
[WhiteElo "2485"]
[BlackElo "2645"]
[EventDate "1975.11.28"]
[PlyCount "71"]

1.c4 Nf6 2.Nf3 e6 3.g3 d5 4.Bg2 dxc4 5.Qa4+ Nbd7 6.Qxc4 c5 7.O-O ( 7.d3 
Bd6 ( 7...a6 8.Qb3 Ra7 9.Nbd2 b6 10.a4 Bb7 11.Nc4 Be7 12.Bf4 ) 8.a4 O-O 9.
O-O b6 10.Ng5 Ne5 11.Qc2 Nd5 ) 7...a6 8.a4 b5 9.Qb3 ( 9.Qc2 Bb7 ) 9...Bb7 
( 9...c4 10.Qc2 Bb7 11.axb5 axb5 12.Rxa8 Qxa8 13.b3 ) 10.d3 ( 10.axb5 Bd5 
11.Qc2 axb5 ) 10...Bd5 11.Qc2 Be7 12.Nc3 Bc6 13.Nh4 Bxg2 14.Nxg2 Rb8 ( 
14...b4 15.Nb1 O-O 16.Nd2 ) 15.axb5 axb5 16.Bf4 Rb7 ( 16...e5 17.Bg5 O-O 
18.e4 ) 17.Ra6 O-O 18.Rfa1 Nb8 19.Ra8 Qd7 20.Ne1 Nc6 21.Nf3 Nd4 ( 21...Nd5
22.Ne5 ( 22.Nxd5 Qxd5 ) 22...Nxe5 23.Bxe5 f6 24.Nxd5 Qxd5 25.Bc3 c4 ) 22.
Nxd4 cxd4 23.Ne4 Nd5 ( 23...Nxe4 24.dxe4 f6 25.Rxf8+ Bxf8 26.Ra8 e5 27.Bd2
) 24.Be5 Nb4 25.Qc1 Nc6 ( 25...Qd5 26.Rxf8+ Bxf8 27.Qg5 ) ( 25...f6 26.Nc5
Bxc5 27.Qxc5 Re8 28.Bxd4 ) 26.Nc5 Qd5 ( 26...Bxc5 27.Qxc5 Rc8 28.Rxc8+ 
Qxc8 29.Qxc6 ) 27.Nxb7 Nxe5 28.Qc7 Ng6 29.Rxf8+ Bxf8 30.Nd8 Be7 31.Nc6 Bf8
32.Ra8 Qc5 33.Re8 Qg5 34.Rxf8+ Nxf8 ( 34...Kxf8 35.Qc8+ ) 35.Ne7+ Kh8 36.
Qd8 1-0

[Event "43rd URS-ch"]
[Site "Yerevan URS"]
[Date "1975.??.??"]
[Round "8"]
[White "Dvoretsky, Mark"]
[Black "Polugaevsky, Lev"]
[Result "1-0"]
[WhiteElo "2495"]
[BlackElo "2645"]
[EventDate "1975.11.28"]
[PlyCount "73"]

1.e4 c5 2.Nf3 e6 3.c3 Nf6 4.e5 Nd5 5.d4 cxd4 6.cxd4 d6 7.a3 Bd7 8.Bd3 Bc6 
9.O-O Nd7 10.Re1 Be7 ( 10...dxe5 11.dxe5 Be7 12.b4 N5b6 13.Nc3 ) 11.Bc2 
Qc7 12.exd6 ( 12.Nbd2 O-O 13.Ne4 ) 12...Bxd6 13.Nbd2 N5f6 14.Nc4 O-O 15.
Nfe5 Rfd8 16.Nxd6 Qxd6 17.Nxc6 Qxc6 18.Bg5 Rac8 19.Ba4 Qd5 20.Bxd7 Rxd7 
21.Bxf6 gxf6 22.Qg4+ Qg5 23.Qf3 Rc2 24.h4 Qxh4 25.Re4 Qh6 26.Qg3+ Kf8 27.
Qb8+ Ke7 28.Qxa7 f5 29.Re3 Qf4 30.Rf1 Rxb2 31.Qc5+ Kf6 32.Qf8 Rxd4 33.Rh3 
Rxf2 34.Rh6+ Ke5 35.Qc5+ Ke4 36.Re1+ Kd3 37.Rh3+ 1-0

[Event "43rd URS-ch"]
[Site "Yerevan URS"]
[Date "1975.??.??"]
[Round "8"]
[White "Romanishin, Oleg"]
[Black "Petrosian, Tigran"]
[Result "1-0"]
[WhiteElo "2485"]
[BlackElo "2645"]
[EventDate "1975.11.28"]
[PlyCount "59"]

1.c4 Nf6 2.Nc3 e6 3.Nf3 b6 4.e4 Bb7 5.Bd3 d6 ( 5...c5 ) 6.Bc2 c5 7.d4 cxd4
8.Nxd4 Be7 ( 8...g6 9.O-O a6 10.Nf3 ) 9.O-O O-O 10.b3 Nc6 ( 10...Nbd7 11.
Bb2 ) 11.Bb2 ( 11.Nxc6 Bxc6 12.Bb2 a6 13.Qd3 ) 11...a6 12.Kh1 Qc7 ( 12...
Qd7 13.Nxc6 Bxc6 14.Qd3 b5 15.Nd5 exd5 16.exd5 bxc4 17.bxc4 Ba4 ) 13.f4 
Rad8 14.Rc1 Qb8 15.Rf3 g6 16.Nd5 exd5 ( 16...Nxd5 17.exd5 Nxd4 18.Qxd4 f6 
19.Re3 e5 20.Qxb6 ) 17.exd5 ( 17.Nf5 dxe4 ( 17...gxf5 18.Rg3+ Kh8 19.exd5 
Rg8 20.Re3 ) 18.Rg3 Qc7 19.Qh5 Rfe8 20.Qh4 Nd5 21.Qxh7+ ) 17...Nxd4 18.
Qxd4 Rde8 19.f5 Bd8 20.Qh4 Re5 ( 20...Nxd5 21.Qxh7+ ) ( 20...Nh5 21.Qxh5 )
21.Qh6 Qc7 ( 21...Ng4 22.Qf4 Nf6 23.Qh6 ) 22.Rg3 Bc8 23.Bxe5 dxe5 24.fxg6 
fxg6 25.Bxg6 Ng4 ( 25...hxg6 26.Rxg6+ Kf7 27.Rg7+ Ke8 28.Rxc7 Bxc7 29.Rf1 
) 26.Bh5 Rf6 27.Qd2 Rf4 ( 27...Rg6 28.Bxg6 hxg6 29.Qe2 ) 28.d6 Qg7 29.d7 
Bb7 ( 29...Bxd7 30.Bxg4 Rxg4 31.Rxg4 Qxg4 32.Rd1 ) 30.Qxf4 ( 30.Qxf4 exf4 
31.Rxg4 Bg5 32.Rd1 ) 1-0

[Event "43rd URS-ch"]
[Site "Yerevan URS"]
[Date "1975.??.??"]
[Round "13"]
[White "Petrosian, Tigran"]
[Black "Beliavsky, Alexander"]
[Result "1-0"]
[WhiteElo "2645"]
[BlackElo "2500"]
[EventDate "1975.11.28"]
[PlyCount "83"]

1.c4 c5 2.Nf3 g6 3.e4 Nc6 4.d4 cxd4 5.Nxd4 Nxd4 ( 5...Nf6 6.Nc3 d6 7.Be2 
Nxd4 8.Qxd4 Bg7 ) 6.Qxd4 Nf6 7.Nc3 d6 8.Bg5 Bg7 9.Qd2 O-O ( 9...Be6 10.Rc1
Rc8 11.b3 Qa5 12.f3 h6 13.Be3 O-O 14.Bd3 Kh7 15.O-O ) 10.Bd3 a6 ( 10...a5 
11.O-O a4 12.Rac1 Be6 13.Qc2 ) 11.O-O Bd7 12.Rfe1 Bc6 ( 12...Qb8 13.Nd5 
Nxd5 14.exd5 ) 13.Rac1 e6 ( 13...b5 14.Nd5 ) 14.b4 b6 15.Red1 ( 15.Qf4 Nh5
) ( 15.c5 bxc5 16.bxc5 e5 17.Nd5 Bxd5 18.exd5 dxc5 19.Rxc5 Qd6 20.Rc6 Qxd5
21.Rxf6 h6 22.Bh4 Rad8 ( 22...g5 23.Bh7+ ) 23.Rf3 g5 24.Bg3 e4 ) 15...Qe7 
( 15...Qc7 16.Bb1 ( 16.Nd5 Qd8 ) 16...Rad8 17.Nd5 ) ( 15...Qb8 16.Bb1 Rd8 
17.b5 axb5 18.cxb5 Bb7 19.Qe3 ) ( 15...Ra7 16.Bb1 Rd7 17.Qf4 Nh5 18.Bxd8 
Nxf4 19.Bxb6 Bxc3 20.Rxc3 Ne2+ ) 16.Qf4 Rfd8 17.a3 Rac8 18.Qh4 a5 19.h3 
Rc7 20.f4 h6 21.Bxh6 Bxh6 22.Qxh6 axb4 23.axb4 Nh5 24.Be2 Nf6 25.Bd3 Nh5 
26.f5 Qf6 27.Ne2 Qe5 28.fxg6 fxg6 29.Qe3 ( 29.Qxg6+ Rg7 30.Qh6 Bxe4 ) 
29...Rb8 30.c5 bxc5 31.bxc5 Rd8 ( 31...d5 32.Qd4 ) 32.cxd6 Rxd6 33.Rc5 Rd5
34.Rc3 Rdd7 35.Rdc1 Bb7 36.Rxc7 Rxc7 37.Rxc7 Qxc7 38.e5 Kg7 ( 38...Qc6 39.
Qg5 ) 39.Qg5 Qf7 40.g4 Qf3 41.Qxg6+ Kf8 42.gxh5 1-0

[Event "43rd URS-ch"]
[Site "Yerevan URS"]
[Date "1975.??.??"]
[Round "15"]
[White "Doroshkievich, Vladimir"]
[Black "Dvoretsky, Mark"]
[Result "1/2-1/2"]
[WhiteElo "2425"]
[BlackElo "2495"]
[EventDate "1975.11.28"]
[PlyCount "38"]

1.d4 Nf6 2.c4 g6 3.Nf3 Bg7 4.g3 O-O 5.Bg2 d6 6.O-O Nc6 7.Nc3 e5 8.dxe5 
Nxe5 9.Nxe5 dxe5 10.Qxd8 Rxd8 11.Bg5 Rd4 ( 11...Rd7 12.Rad1 ( 12.Nd5 ) 
12...c6 13.Na4 Rxd1 14.Rxd1 Be6 15.Nc5 ( 15.b3 Nd7 ) 15...Bxc4 16.Nxb7 
Bxe2 ) 12.b3 c6 13.Be3 Rd8 14.Rad1 Rxd1 15.Rxd1 Be6 16.Na4 Nd7 17.Nc5 Nxc5
18.Bxc5 Bf8 19.Bxf8 Kxf8 1/2-1/2